000 00880cab a2200277 4500
001 ABS52792
008 090401t1995 xxu||||| |||| 00| 0 eng d
035 _a(Sirsi) u236
041 _aeng
100 _aSt John, H.
245 _aDevelopment land: a silver cloud with a lead lining?
260 _c1995
350 _a0
490 _aFarmland Market
_v(43) Spring 1995, 16-17(2)
520 _aMaintains that development land values are depressed by the increasing infrastructure demands made on developers and by housing associations seeking lower prices for land for social housing.
650 _aDEVELOPMENT LAND
650 _aDEVELOPMENT SITES
650 _aHOUSING ASSOCIATIONS
650 _aLAND PRICES
650 _aPLANNING GAIN
650 _aPPG3
690 _aPROPERTY-PROPERTY DEVELOPMENT
690 _aRURAL PRACTICE
942 _n0
948 _c04/03/1997
999 _c93
_d93